00596nam a22001817a 450000500170000000800410001704000090005804100180006708200180008510000330010324500860013626000500022230000240027236500220029665000210031865000410033970000340038020220629100659.0220629b ||||| |||| 00| 0 eng d cAloy aEnglish/Hindi 223a324bRAMB aRameshwar Das Dharmath Trust aBhairan Singh Shekhawat:bAdding a glorious chapter in the histroy of rajya sabha aJaipur:bRameshwar Das Dharmarth Trust,c2007 a112p.bPBc21x13cm. 2Political Science aPolitical Leader aFelicitations offered in Rajya Sabha aRAMESHWAR DAS DHARMARTH TRUST